000 00231nmm a2200085Ia 4500
008 220120s9999||||xx |||||||||||||||||und||
100 _aDigit
245 0 _aUbuntu tech, video editing, V5DC, openshot, radio show, musi
260 _c43800
999 _c140113
_d140113